000 00851nam a2200253Ia 4500
003 OSt
005 20221005113208.0
006 a|||||r|||| 00| 0
007 ta
008 221004b |||||||| |||| 00| 0 pan d
020 _c120
024 _a11673
037 _b827, 14/03/2014, H.K. Prakashan
_cTextual
040 _aCRL
_cCRL
_bpan
041 _2pan
_apan
082 _aO153,1N20x, Q1
100 _aਹਾਂਸ, ਸੁਰਜੀਤ, ਥਦ.
245 0 _aਸਾਕੀਨਾਮਾ
260 _aਪਟਿਆਲਾ
_b20 ਸੈ੍ਵਚਰੀ ਪਬਲਿਕੇFਨਗ਼ੂ ਭਾਰਤ
_c2011
300 _a78ਪੰ
_ccm.
650 _aਪੰਜਾਬੀ ਸਾਹਿਤ
942 _hO153,1N20x, Q1
_cTEXL
_2cc
999 _c1027358
_d1027358